| 000 | 00525nam a2200181Ia 4500 | ||
|---|---|---|---|
| 001 | 13976 | ||
| 005 | 20260306164840.0 | ||
| 008 | 260306t1995||||xx |||||||||||||| ||spa|| | ||
| 041 | _aESP | ||
| 082 |
_a005.74 _bP52 |
||
| 100 |
_aPiattini Velthuis, Mario G. _eAUT |
||
| 245 | 0 |
_aElementos y herramientas en el desarrollo de sistemas de información: _buna visión actual de la tecnología CASE |
|
| 260 | _c1995 | ||
| 300 |
_axxxv, 481 páginas : _c23 cm. |
||
| 650 | _aGEN | ||
| 654 | _aCCC | ||
| 942 |
_cLIB _dJUS _fJUS _2ddc _n |
||
| 999 |
_c13976 _d13976 |
||